Score 0/196 Timer 08:00
4 Plays Today
% Correct
the
97.6%
the
97.6%
the
97.6%
the
97.6%
the
97.6%
the
97.6%
the
97.6%
the
97.6%
the
97.6%
the
97.6%
the
97.6%
the
97.6%
'Where
96.5%
'Where
96.5%
'Where
96.5%
'Where
96.5%
Where
96.5%
in
96.4%
in
96.4%
in
96.4%
in
96.4%
in
96.4%
in
96.4%
in
96.4%
is
96.2%
is
96.2%
is
96.2%
is
96.2%
world
96.1%
world
96.1%
world
96.1%
world
96.1%
world
96.1%
Carmen
96%
Carmen
96%
Carmen
96%
Carmen
96%
Sandiego?'
95.4%
Sandiego?'
95.4%
Sandiego?' (x2)
95.4%
Sandiego?' (x7)
95.4%
a
81.2%
a
81.2%
a
81.2%
a
81.2%
a
81.2%
a
81.2%
she
75.1%
She
75.1%
She
75.1%
she
75.1%
she
75.1%
she
75.1%
to
65.5%
to
65.5%
to
65.5%
to
65.5%
to
65.5%
to
65.5%
to
65.5%
to
65.5%
to
65.5%
be?
62.9%
be
62.8%
and
56%
and
56%
% Correct
and
56%
and
56%
and
55.5%
from
55.1%
from
55.1%
From
55.1%
from
55.1%
from
55.1%
from
55.1%
me:
53.1%
me:
53.1%
me:
53.1%
me:
53.1%
on
51.3%
you
51.3%
can
50.9%
go
50.9%
around
50%
around
50%
Tell
44.3%
Tell
44.3%
Tell
44.3%
Tell
44.3%
for
43.6%
for
43.6%
her
42.3%
Her
42.3%
Well,
41.9%
Well,
41.9%
Well,
41.9%
Well,
41.9%
China.
39.6%
when
38.8%
down
37.9%
down
37.9%
goes
37.1%
She's
36.8%
She's
36.8%
She'll
34.2%
she'll
34.2%
she'll
34.2%
she'll
34.2%
take
34.1%
Carolina.
32.8%
boat
32.5%
ride
32.2%
Belize.
31.8%
back!
29%
Berlin
28.8%
South
28.7%
back!
28.5%
they
28.4%
Sea
28.1%
up
28.1%
up
28.1%
stick
28%
slow
27.6%
sneaks
27.2%
Then
27.2%
fingered
26.8%
Steal
26.8%
steal
26.8%
sticky-
26.6%
under
25.3%
Korea,
25.1%
run
24.9%
% Correct
Red
24.4%
Norway,
23.2%
your
23.1%
stole
22.9%
'em
22.9%
Zimbabwe,
22.6%
Pakistan,
22.5%
filcher
22.4%
Nashville
22.4%
Czech
21.7%
Seoul
21.6%
Lima.
21.2%
their
21.1%
Kiev
20.7%
Chicago
20.7%
never
20.6%
singing
20.6%
put
20.3%
globe,
20.3%
blues.
20.2%
scam
20%
Greenland,
19.9%
Scandinavia.
19.8%
with
19.5%
with
19.5%
Slovakia
19.5%
'Miss'
19.2%
make
18.9%
ransack
18.1%
beans
17.6%
Arkansas
17.4%
misdemeanor
17.3%
every
16.7%
they'll
16.7%
jungle.
16.6%
Perth.
16.1%
glides
16.1%
cry
16%
'Uncle!'
15.9%
pick-pocket
15.1%
Antarctica
15.1%
Ohio,
15%
Bali,
14.3%
Mekong
14.1%
Mali
13.8%
Bonaire
13.3%
Amsterdam
13%
Thailand
12.8%
Watch
12.3%
Botswana
12%
nation.
11.7%
Oahu!
11.5%
double-
11.2%
diva
11.2%
moving
11.1%
taste
10.9%
dealing
10.8%
Milan
10.8%
thievery.
10.6%
violations.
10.6%
via
10.3%
flim-flam
9.9%
loaded
9.9%
itinerary's
9.6%
Remove Ads.
Support Sporcle.
Get the best of Sporcle when you Go Orange. This ad-free experience offers more features, more stats, and more fun while also helping to support Sporcle. Thank you for becoming a member.

You're not logged in!

Compare scores with friends on all Sporcle quizzes.
OR
Log In

Show Comments

Extras

Top Quizzes Today


Score Distribution

Your Account Isn't Verified!

In order to create a playlist on Sporcle, you need to verify the email address you used during registration. Go to your Sporcle Settings to finish the process.

Report this User

Report this user for behavior that violates our Community Guidelines.

Details: